| 000 | 01290cam a22002411 4500 | ||
|---|---|---|---|
| 001 | 6368845 | ||
| 005 | 20250802114410.0 | ||
| 008 | 920407s1916 nyu 000 0 eng | ||
| 010 | _a 16014455 | ||
| 035 | _a(OCoLC)27982647 | ||
| 040 |
_aDLC _cPU _dDLC |
||
| 042 | _apremarc | ||
| 050 | 0 | 0 |
_aD632 _b.O5 |
| 130 | 0 |
_aThe World (New York) _955991 |
|
| 245 | 1 | 0 |
_a100 World news achievements in the world war, _bincluding the only full interview granted by the pope to any newspaper; the only personal declaration transmitted by the Kaiser to any newspaper; the only personal narrative in any newspaper by the famous U-boat commander, Weddigen; the only description in any neutral newspaper of a personal visit to Krupps of Essen; the only newspaper account of the visit of a writer to the German war fleet; the only long newpaper interview with King Albert of Belgium; and five important exclusive revelations of German secret activities in the United States. |
| 260 |
_aNew York, _bThe World, _c1916. |
||
| 300 |
_a24 p. _c28 cm. |
||
| 530 | _aAlso available in digital form on the Internet Archive Web site. | ||
| 650 | 0 |
_aWorld War, 1914-1918. _955992 |
|
| 856 | 4 | 1 | _uhttp://hdl.loc.gov/loc.gdc/scd0001.00209134251 |
| 906 |
_a7 _bcbc _coclcrpl _du _encip _f19 _gy-gencatlg |
||
| 942 |
_2ddc _cDC |
||
| 999 |
_c1 _d1 |
||